Xây dựng nền văn hóa mới con người con người mới XHCN

Zapisane w:
Opis bibliograficzny
1. autor: Lê Duẩn
Format: Książka
Język:Undetermined
Wydane: Hà Nội Văn Hóa 1977
Hasła przedmiotowe:
Etykiety: Dodaj etykietę
Nie ma etykietki, Dołącz pierwszą etykiete!
Thư viện lưu trữ: Trung tâm Học liệu Trường Đại học Cần Thơ
LEADER 00532nam a2200169Ia 4500
001 CTU_32847
008 210402s9999 xx 000 0 und d
082 |a 801.95 
082 |b D502 
100 |a Lê Duẩn 
245 0 |a Xây dựng nền văn hóa mới con người con người mới XHCN 
245 0 |c Lê Duẩn 
260 |a Hà Nội 
260 |b Văn Hóa 
260 |c 1977 
650 |a vietnamese literature - history and criticism 
980 |a Trung tâm Học liệu Trường Đại học Cần Thơ